Data Analysis Using Stata /
Obra que cumple una doble función: ofrece tanto una introducción al análisis de datos como al software estadístico Stata, al tiempo que explica cómo aplicar este último para el análisis e interpretación de datos. En vista de que el objetivo es mostrar el principio científico del análisis, se usan en...
Guardat en:
| Autor principal: | |
|---|---|
| Altres autors: | |
| Format: | Llibre |
| Idioma: | anglès |
| Publicat: |
College Station, EUA :
Stata,
2009, c2009
|
| Edició: | 2a edición |
| Matèries: | |
| Etiquetes: |
Sense etiquetes, Sigues el primer a etiquetar aquest registre!
|
MARC
| LEADER | 00000nam^a2200000^a^4500 | ||
|---|---|---|---|
| 001 | 000322615 | ||
| 005 | 20250521000000.0 | ||
| 009 | 20260310113615.151 | ||
| 020 | |a 978-1-59718-046-7 | ||
| 037 | |a Acervo ITESO - Biblioteca | ||
| 041 | |a ING | ||
| 082 | |a 519. 50285 |b KOH | ||
| 100 | |a Kohler, Ulrich |e (autor) | ||
| 245 | 1 | 0 | |a Data Analysis Using Stata / |c U. Kohler, F. Kreuter. |
| 250 | |a 2a edición | ||
| 264 | 4 | |a College Station, EUA : |b Stata, |c 2009, c2009 | |
| 300 | |a XXV, 387 p. | ||
| 336 | |a texto |b txt |2 rdacontenido | ||
| 337 | |a sin mediación |b n |2 rdamedio | ||
| 338 | |a volumen |b nc |2 rdasoporte | ||
| 520 | |a Obra que cumple una doble función: ofrece tanto una introducción al análisis de datos como al software estadístico Stata, al tiempo que explica cómo aplicar este último para el análisis e interpretación de datos. En vista de que el objetivo es mostrar el principio científico del análisis, se usan en este libro ejemplos de las ciencias sociales que los lectores puedan fácilmente trasladar a sus propias disciplinas. | ||
| 649 | |a XX | ||
| 650 | |a Análisis de Datos - |x Tema Principal | ||
| 650 | |a Paquetes (Software) | ||
| 650 | |a Informática | ||
| 650 | |a Estadística | ||
| 650 | |a Matemáticas | ||
| 700 | |a Kreuter, Frauke |e (autor) | ||
| 910 | |a Fondo General | ||
| 920 | |a Impresos - Libros | ||
| 930 | |a Colección General | ||
| 905 | |a 101 | ||
| 901 | |a 0500209908 |b IT1 |c ACC |i C132751 |u 20250521 | ||
| 902 | |a https://opac.biblio.iteso.mx/vufind/Record/000322615 | ||